000 00655nam a2200157 u 4500
001 000002016
005 20200929145812.0
008 090630s1986 cu ab r 000 0 spa d
040 _aDO-SdBNP
_bspa
_cBNPHU
082 _axxx
_bN964p
100 1 _aNúñez Jimenéz, Antonio
_94130
245 1 0 _aPetroglifos del Peru :
_bPanorama mundial del arte rupestre /
_cAntonio Núñez Jimenéz.
250 _a2a ed.
260 _aLa Habana :
_bProyecto Regional de Patrimonio Cultural y Desarrollo
_bInstituto de Cooperación Iberoamericana
_bCentro de Estudios económicos y Sociales del Tercer Mundo
_bCientífico-Técnica,
_c1986.
300 _av.4 :
_bil., maps. ;
_c24 cm.
999 _c1881
_d1881